Sports Quiz

Random Sports Quiz

2010-2011 Final Basketball RPI Rankings Quiz Stats

 Plays Quiz not verified by Sporcle

Support Sporcle.
Go Orange.
Score 0/100 Timer 12:00
0 Plays Today
Ranking School % Correct
6North Carolina
99.1%
4Duke
96.3%
8Florida
96.3%
1Kansas
94.5%
11Texas
94.5%
44UCLA
93.6%
52Michigan
92.7%
2Ohio St
91.7%
5BYU
91.7%
14Connecticut
91.7%
32Washington
91.7%
62*Virginia Tech
91.7%
18Syracuse
90.8%
29Texas A&M
90.8%
45Michigan St
90.8%
47Georgia
90.8%
10Pittsburgh
89.9%
19Arizona
89.9%
7Kentucky
89%
13Georgetown
88.1%
16Wisconsin
88.1%
23Kansas St
88.1%
48Illinois
88.1%
55Florida St
88.1%
67USC
88.1%
34Tennessee
87.2%
80*Alabama
86.2%
3San Diego St
85.3%
17Louisville
85.3%
65*Colorado
84.4%
9Notre Dame
83.5%
38Villanova
83.5%
73*Miami (FL)
82.6%
76*California
82.6%
Ranking School % Correct
37Missouri
81.7%
39Penn St
81.7%
98*Maryland
81.7%
57Clemson
80.7%
85*Minnesota
80.7%
12Purdue
79.8%
21West Virginia
79.8%
26St John's
78.9%
82*Washington St
78.9%
58*Boston College
78%
61*Oklahoma St
78%
27Vanderbilt
77.1%
64Marquette
77.1%
83*Mississippi
77.1%
28Memphis
76.1%
33Butler
76.1%
15Utah St
75.2%
56Gonzaga
75.2%
25UNLV
74.3%
94*Baylor
74.3%
36Cincinnati
72.5%
35*Harvard
71.6%
49Virginia Commonwealth
71.6%
30Temple
70.6%
40Princeton
70.6%
24George Mason
68.8%
66*New Mexico
66.1%
89*Nebraska
66.1%
22Xavier
65.1%
41Richmond
65.1%
87*Northwestern
60.6%
31UAB
59.6%
59*UTEP
56.9%
46*St Mary's
56%
Ranking School % Correct
51Belmont
51.4%
70*Dayton
51.4%
50*Colorado St
49.5%
84Indiana St
49.5%
20Old Dominion
43.1%
81*Tulsa
40.4%
43*Missouri St
37.6%
60*Wichita St
35.8%
69*UCF
35.8%
95*Vermont
33%
53Oakland
32.1%
54*Marshall
32.1%
77Morehead St
29.4%
78*Kent St
29.4%
42*Cleveland St
28.4%
75Long Island
26.6%
92St Peter's
26.6%
79Bucknell
24.8%
99Northern Colorado
23.9%
63*Southern Mississippi
22.9%
96*East Carolina
22.9%
93*Milwaukee
18.3%
90*Long Beach St
17.4%
68*Iona
16.5%
74*Drexel
16.5%
71*Valparaiso
15.6%
72*Charleston
13.8%
86*Hofstra
13.8%
88*James Madison
13.8%
97*Fairfield
12.8%
91*East Tennessee St
11.9%
100*Robert Morris
8.3%

You're not logged in!

Compare scores with friends on all Sporcle quizzes.
OR
Log In

From the Vault

'Van' Last Name Match-Up

by SporcleEXP

We hope none of these folks end up in a 'van' down by the river.
Remove Ads.
Support Sporcle.
Get the best of Sporcle when you Go Orange. This ad-free experience offers more features, more stats, and more fun while also helping to support Sporcle. Thank you for becoming a member.

Show Comments

Extras

Created Mar 15, 2011SourceReportNominate
Tags:rpi

Top Quizzes Today


Score Distribution

Your Account Isn't Verified!

In order to create a playlist on Sporcle, you need to verify the email address you used during registration. Go to your Sporcle Settings to finish the process.

Report this User

Report this user for behavior that violates our Community Guidelines.

Details: